| 000 | 00403 a2200157 4500 | ||
|---|---|---|---|
| 020 | _a9695190286 | ||
| 082 | _a297.4 | ||
| 090 |
_c5977 _d5977 |
||
| 100 | _aChittick,William C. | ||
| 245 |
_a Divine Flashes (Fakhruddin IRAQI.)(LAMAT). _cWilliam C.Chittick. |
||
| 250 | _a1st | ||
| 260 |
_aLahore. _bSuhail academy. _c2001. |
||
| 300 | _a178p. | ||
| 500 | _aHardcover. | ||
| 942 |
_aNBS _cBK _k297.4 CHI |
||
| 999 |
_c348366 _d348366 |
||